000 01236nam a2200277 a 4500
001 000015716
003 DO-SdBNP
005 20240510073818.0
007 ta
008 100211s1994 dr g 000 0 spa d
040 _aDO-SdBNP
_bspa
_cBNPHU
082 4 _a266.023
_bT183v 1994
_222
100 1 _aTardif, Emiliano,
_d1928-1999
_935030
245 1 3 _aLa vuelta al mundo sin maleta /
_cEmiliano Tardif, José H. Prado Flores.
250 _a2ª ed.
260 _aSanto Domingo :
_bEdiciones MSC,
_c1994.
300 _a190 p. ;
_c21 cm.
505 0 _aIntroducción --
_gPrimera parte --
_tTour por el mundo--
_t1-La vuelta al mundo sin maleta --
_t2-América Latina --
_t3-Africa --
_t4-Europa --
_t5-Australia --
_t6-Las islas remotas --
_t7-Canada --
_gSegunda parte --
_tSeminario de vida en el espíritu--
_t1-El amor de Dios --
_t2-El pecado --
_t3-La salvación en Cristo Jesús --
_t4-Fe y conversión --
_t5-Don del espíritu --
_t6-La comunidad --
_t7-Enseñanos a orar.
590 _aInventariado, 2018/ YL
650 1 4 _aEvangelización
_9476
650 1 4 _aMisiones
_xIglesia católica
_935031
650 1 0 _aVida cristiana
_9668
700 1 _aPrado Flores, José H.
_910971
910 _aValidado. Control de calidad EMS
942 _2ddc
_cLBS1
999 _c15268
_d15268